[Event "2022 Washington Open, Open Section"]
[Site "Redmond"]
[Date "2022.05.29"]
[Round "4"]
[White "Whale, Nicholas"]
[Black "Wang, Felicity"]
[Result "1-0"]
[WhiteElo "2036"]
[BlackElo "1755"]
[Annotator "Nicholas Whale"]
[PlyCount "167"]
[EventDate "2022.05.28"]
[EventType "swiss"]
[EventRounds "6"]
[EventCountry "USA"]
[SourceVersionDate "2022.05.09"]

{[%evp 0,167,32,32,74,37,37,37,32,30,48,23,37,20,17,-3,-12,11,13,-3,0,4,24,16,
25,29,47,40,46,43,68,61,61,35,38,38,37,13,28,11,17,22,52,-2,-1,-5,-4,-31,-20,
-26,17,17,26,10,25,11,10,2,53,27,25,23,57,72,57,66,51,48,51,37,33,34,106,118,
144,164,152,130,154,116,138,117,117,95,213,52,105,94,87,41,99,64,75,71,141,144,
144,119,120,113,152,156,185,159,197,156,195,180,198,203,286,187,220,220,206,
171,221,194,193,222,323,202,176,172,251,95,101,101,101,92,87,80,70,77,72,71,
134,14,151,156,151,165,184,176,228,231,231,46,28,168,24,49,169,171,171,171,192,
240,256,254,219,58,26,16,354,401,483,972,982,1002] This game was certainly the
most exciting one that I played this year. Felicity gets a lot for resisting
very stubbornly in a very tough situation for a long time. I get credit for
taking a great position with a large time advantage and transforming it into...
not a smooth victory, but the madness that was the final 20 moves or so.} 1. d4
g6 2. c4 Bg7 3. Nc3 d6 4. e4 Nd7 5. Be3 (5. Nf3 {is of course the main line,
but I didn't feel like playing it.}) 5... e5 6. d5 Ne7 7. Qd2 (7. g4 $5 {
simply directly playing against Black's... f5 is interesting too.}) 7... O-O 8.
f3 f5 9. O-O-O f4 10. Bf2 {As usual, Stockfish is not a fan of the King's
Indian-esque setup for Black. Proving this means anything in the real world is
a different matter, though.} Nf6 11. Bd3 $6 ({Here Stockfish really likes} 11.
g4 $1 {and if} fxg3 $2 12. hxg3 {I can attack down the h-file, one of the
points of castling queenside. If she doesn't take, I gain valuable kingside
space and can switch plans to squeezing her to death. But I chose to not rock
the boat like this.}) 11... Bd7 12. Nge2 Nh5 $6 {I didn't really understand
this move.} 13. Kb1 a6 (13... b6 {to slow down my c5 break is worth
considering too.}) 14. c5 Nc8 $1 {A clever defensive move.} (14... dxc5 $2 15.
Bxc5 {is awful for Black, and on other moves I can simply keep building up
behind my c5-pawn.}) 15. Bc4 Kh8 ({A careless move like} 15... Nf6 $4 {loses to
} 16. c6 $1) 16. Rc1 dxc5 17. Bxc5 Nd6 18. Bb3 b6 {Now I had a surprisingly
hard choice to make about what to do with my bishop, and chose wrongly.} 19.
Ba3 $6 ({The subtle} 19. Bb4 $1 {is better, trying to provoke} a5 20. Bxd6 $1
cxd6 {in much more favorable circumstances than the game.}) 19... Qb8 ({
The oddball} 19... Rf6 {is what Stockfish likes.}) 20. Nd1 $6 {I realized my
pieces are just not working well together, but this maneuver is too slow to
fix the problem.} Re8 21. Bxd6 {Otherwise the knight is free and can do some
damage.} cxd6 22. Nf2 a5 $1 {Suddenly I'm the one being attacked.} 23. a4 b5 $1
24. Nc3 bxa4 $6 (24... b4 $1 25. Ne2 Nf6 {would be a role reversal from about
10 moves ago- Black is the one able to slowly improve her position while I
have to sit and wait.}) 25. Bxa4 Bxa4 26. Nxa4 {The Black light-squared bishop
is always very dangerous in KID-type positions, so now I could breathe a
little easier.} Qb5 27. Nc3 ({Apparently stronger is} 27. Qc2 $1 {, a move I
never considered.}) 27... Qb7 (27... Qd7 $1 {to cover the d-pawn. It's always
the little details...}) 28. Na2 {Trying to double up my rooks.} Nf6 29. Rc6 $1
{And now we see why 27...Qd7 was better.} Bf8 ({A cool but very difficult to
find idea is} 29... Nd7 $1 30. Nd3 $1 ({I would surely have played} 30. Rxd6 $6
{which is met by a knight's tour:} Nc5 $1 31. Rc6 Nb3 $1 32. Qc3 Nd4 {and
Black gets a lot of very tricky counterplay. Of course this whole concept is
not at all easy for a human to appreciate several moves back.}) 30... Bf8 {
when Black is worse but the game goes on.}) 30. Rhc1 Red8 (30... Rec8 $2 31.
Rxc8 Rxc8 32. Rxc8 Qxc8 33. Qxa5 {wins me a pawn.}) 31. Rc7 Qb8 32. Qc3 Ne8 33.
Rc6 Qb7 34. Rc2 Rdb8 35. Nd3 Be7 $4 {An unfortunate move, forgetting about my
threat for a moment.} (35... Bg7 {is much tougher to break down.}) 36. Nxf4 Bd8
37. Ne6 Kg8 {Now obviously my position is very close to winning. But the
problem is that there are so many moves and plans to choose from, and instead
of being patient and calculating the best one, I wanted to get finish the game
and get out of there as soon as possible. In a few moves, this comes back to
bite me.} 38. g4 $6 (38. Qe3 {followed by bringing my wayward a2-knight back
into action was the calmer and better approach.}) 38... Qd7 39. g5 Bb6 40. f4
$6 {Another very impulsive move, even though the computer doesn't hate this.} (
40. h4 {would have been very helpful a few moves later.}) 40... exf4 41. Qf3 $2
{Another quickly made, and mistaken, move.} ({I didn't want to trade queens
after} 41. Nxf4 Qg4 42. Qg3 Qxg3 43. hxg3 {but this endgame is much better for
White.}) 41... Ng7 $2 {This should have lost on the spot, but I started
tilting.} 42. Nxf4 $2 ({I calculated} 42. Rc7 $1 Bxc7 43. Rxc7 Rxb2+ $5 44.
Kxb2 Qb5+ {but for some reason, here I only saw} 45. Ka1 $4 ({Literally any
other reasonable move wins, with the coolest looking being} 45. Ka3 $1) 45...
Rb8 {when Black is winning.}) 42... Bd4 {Even though I'm still objectively
better, Black evidently has some hopes now, and I burned through nearly all of
my time advantage in the next few moves.} 43. R6c4 ({At least I managed to
avoid losing instantly myself with} 43. Rc7 $4 Rxb2+) 43... Bb6 44. Qh3 $2 {
When things start to go south, simplifying is very tempting but often very
wrong.} (44. Qg3 {or}) (44. h4 {are far better.}) 44... Qe7 $2 {So hard to
choose...} (44... Qxh3 $1 45. Nxh3 Rf8 $1 {and both my knights on the rim are
very grim. Stockfish thinks Black has enough counterplay for the missing pawn.}
) 45. Qg4 Rf8 46. h4 Qe5 $6 {This looks good but after} 47. Nd3 $1 {she has to
beat a hasty retreat and I thought the situation was looking good again.} Qe7
48. Rc8 {Not the best, but as I said, simplifying is easy.} Raxc8 49. Rxc8 Bd8
50. Nc3 {Finally back from the queenside vacation.} Qf7 {Black's position is
passive but not so easy to break down, and both of us were getting into time
pressure, so I shuffled a bit.} 51. Qh3 (51. Ra8 {threatening Qc8 to
infiltrate, but it never occurred to me.}) 51... Qe7 (51... Qb7 {prevents the
Ra8 move.}) 52. Qg4 Qf7 53. Kc2 Qe7 54. Nb5 Kh8 55. Nd4 {Nc6 would be nasty
for Black.} Bb6 {Now it should be winning for me again.} ({The tricky computer
defense is} 55... Qb7 $1 56. Nc6 Nf5 $3) 56. Rxf8+ Qxf8 57. Nc6 Nh5 58. Qd7 $6
(58. Qe6 {gains a tempo on the game.}) 58... Ng3 59. Qe6 Nf1 60. Ne7 Ne3+ 61.
Kb3 Bc7 {The critical moment. I have a lot of good looking moves but only one
way to crash through. Despite still having six minutes left, I couldn't work
it out and instead made an objectively drawing ( $1) move.} 62. Qf6+ $4 ({
The winning move is} 62. Nf4 $3 {which I rejected because I couldn't see
anything after} Kg7 {However, the silent but deadly} 63. Qd7 $3 {forces mate:}
Qxf4 64. Nf5+ Kf8 65. Qe7+ Kg8 66. Qg7#) 62... Qxf6 63. gxf6 Ng4 $1 {Uh-oh.
The rest of the game was played in full time scramble mode; I think we had
maybe two or three minutes left each. I tried reconstructing it after the game,
but I'm not sure if what follows is accurate. In any case, there's not much
positive that can be said for our play, so I'll just defer to the computer
moves.} 64. Nf4 Nxf6 65. Ne6 Bb6 (65... Bb8 $4 66. Nc6) 66. Nc8 Bf2 67. Nxd6
Bxh4 68. Nc5 Be1 $2 (68... h5 $1) 69. Kc4 Ng4 70. Nd3 Bg3 71. Nb7 $2 (71. e5 $1
) 71... Ne5+ $2 (71... h5) 72. Nxe5 Bxe5 73. b3 $4 (73. d6 $1 h5 74. d7 Bf6 75.
e5 $1 Be7 76. d8=Q+ $1 Bxd8 77. Nxd8 h4 78. e6 Kg7 79. e7) 73... h5 74. Kd3 $4
(74. d6 $1 Bxd6 75. Nxd6 Kg7 76. e5 $1) 74... h4 75. Ke2 g5 76. d6 g4 $4 (76...
h3 77. d7 Bc7) 77. d7 Bc7 78. d8=Q+ Bxd8 79. Nxd8 Kg7 80. Nb7 $4 (80. Nc6 $1
Kf6 81. Nd4 $1 Ke5 82. Ke3 $1 h3 83. Ne2 h2 84. Ng3) 80... Kf6 81. Nxa5 Ke5 $4
(81... h3 $1) 82. Ke3 $1 h3 83. Nc4+ Ke6 84. Kf2 {At the end, we both had
about 20 seconds left. What a hard game this is sometimes.} 1-0

[Event "2022 Washington Open, Premier"]
[Site "Redmond"]
[Date "2022.05.30"]
[Round "6"]
[White "Mohan, Aarav Sai Bharathy"]
[Black "Li, Emma"]
[Result "1-0"]
[WhiteElo "1178"]
[BlackElo "1568"]
[Annotator "Aarav Sai Bharathy Mohan"]
[PlyCount "79"]
[EventDate "2022.05.28"]
[EventType "swiss"]
[EventRounds "6"]
[EventCountry "USA"]
[SourceVersionDate "2022.05.09"]

{[%evp 0,79,18,39,11,25,15,7,9,3,61,59,66,73,107,52,39,55,407,394,417,426,455,
479,540,530,517,528,514,522,537,407,427,381,394,371,374,354,370,366,375,331,
332,336,386,394,389,324,331,339,336,350,344,357,384,418,429,423,507,412,464,
436,437,437,435,453,494,435,510,513,538,560,580,456,529,567,568,567,568,597,
597,615]} 1. e4 e5 2. Nf3 Nc6 3. Bc4 Bc5 4. c3 d6 5. d4 exd4 6. cxd4 Bb4+ $5 {
My opponent played an inaccuracy move here. The best move is Bd6. After Bb4+,
we get out of the opening (Giuoco Piano Game: Main Line).} 7. Nbd2 $5 {I
played Nbd2, which is an inaccurate move where Nc3 would be better.} Bg4 8. d5
Ne5 $4 {A very quick blunder of a bishop from the opponent.} 9. Qa4+ $1 {
I took advantage of the blunder by playing Qa4+ $1 (a great moveas per
stockfish) that will win the bishop. From this point onwards, I continued to
play with 93\% accuracy trying to capitalize on the bishop that I took.} Qd7
10. Qxb4 Bxf3 11. Qxb7 Rc8 12. Bb5 c6 13. dxc6 Nxc6 14. Qxd7+ Kxd7 15. Bxc6+
Rxc6 16. Nxf3 Nf6 17. e5 Re8 18. Bf4 Ng4 19. O-O Nxe5 20. Nxe5+ dxe5 21. Rfd1+
Kc7 22. Be3 a6 23. Rac1 Rb8 24. b3 Rxc1 25. Rxc1+ Kd6 26. f4 e4 27. Bd4 Rd8 28.
Bxg7 Ke6 29. Be5 Ke7 30. Re1 f5 31. Kf2 Rd2+ 32. Re2 Rd3 33. g3 Ke6 34. Rc2 Kd5
35. Ke2 h5 36. Rd2 Rxd2+ 37. Kxd2 Kc5 38. Bc3 Kd5 39. Ke3 Kc5 {And the way to
close everything up.} 40. a4 {And black resigns} (40. a4 Kc6 41. Kd4 Kd6 42.
Bd2 Ke6 43. Bb4 Kd7 44. Ke5 {[%eval 817,0]}) 1-0

[Event "Oregon Senior Open"]
[Site "Portland"]
[Date "2022.05.13"]
[Round "1"]
[White "Tarjan, Jim"]
[Black "Dwyer, William"]
[Result "1-0"]
[WhiteElo "2458"]
[BlackElo "1798"]
[Annotator "Jim Tarjan"]
[PlyCount "65"]
[EventDate "2022.05.13"]
[EventType "swiss"]
[EventRounds "5"]
[EventCountry "USA"]
[SourceVersionDate "2022.05.09"]

{[%evp 0,65,31,12,74,70,74,76,76,68,61,52,48,29,55,52,87,87,80,35,35,35,35,30,
56,45,69,39,69,45,57,56,75,68,111,110,107,74,138,114,114,101,104,117,111,111,
149,151,209,173,226,166,209,205,194,205,289,284,291,293,293,299,360,333,379,
379,739,739]} 1. e4 d6 2. d4 g6 3. Nc3 Bg7 4. Be3 Nf6 5. f3 ({Gawain Jones says
} 5. Qd2 {with more flexibility: f3 may not be needed.}) 5... c6 6. Qd2 h5 {
not so common, but also not unreasonable} 7. Bd3 (7. O-O-O) (7. h4) ({I wonder
about the position after} 7. Nh3 $5 Bxh3 8. gxh3) 7... Qa5 8. Nge2 Nbd7 9. Nd1
$5 {Far away from any sort of specific preparation, not comfortable with my
last couple of routine moves nor with the usual lines after castling on one
side or the other, I cop out in a sense, trading queens and entirely altering
the course of the game. But practically speaking the decision worked well. He
did not adjust to the new situation, and in any case the proper plans in the
queenless middlegame are far from obvious. After some moves I stood clearly
better.} Qxd2+ 10. Kxd2 e5 11. c3 h4 (11... d5) 12. Nf2 Bh6 13. f4 exf4 14.
Nxf4 Nf8 15. Rae1 g5 16. Ne2 Ng4 17. Nxg4 Bxg4 18. Rhf1 Bh5 19. g3 {a good
move, the computer's first choice.} ({I considered} 19. Rf6 {which almost wins
a pawn by force, but then saw} Nd7 $1 20. Rxd6 $2 Bf8 {which is far from clear
and a bad choice to make in a clearly superior position}) (19. d5 $5 {is a
strong alternative I saw just after moving. The N is coming to d4 and again
looks to be likely winning a pawn, but White would have to calculate
accurately -- he is giving up the e5 square. The way I played it is
straightforward and one-sided: no counterplay.}) 19... O-O-O 20. gxh4 gxh4 21.
Nf4 Bxf4 22. Rxf4 $16 Ng6 23. Rf6 Rhe8 (23... Nf8) 24. Bg5 Rd7 25. Ref1 {
Maybe not the best but White's position is overwhelming now and my moves were
good enough to finish the job.} (25. e5 dxe5 26. Bf5) 25... Bg4 26. Rxf7 Rxf7
27. Rxf7 Be6 28. Rf6 Nf8 29. Bxh4 Nd7 30. Rh6 c5 31. a3 c4 32. Be2 Nb6 33. Rxe6
1-0

[Event "Oregon Senior Open"]
[Site "Portland"]
[Date "2022.05.15"]
[Round "4"]
[White "Tarjan, Jim"]
[Black "Haessler, Carl"]
[Result "1-0"]
[WhiteElo "2458"]
[BlackElo "2200"]
[Annotator "Jim Tarjan"]
[PlyCount "77"]
[EventDate "2022.05.13"]
[EventType "swiss"]
[EventRounds "5"]
[EventCountry "USA"]
[SourceVersionDate "2022.05.09"]

{[%evp 0,64,19,-18,30,19,47,43,38,43,43,34,39,39,77,70,83,64,89,73,64,47,43,43,
53,53,63,63,71,46,34,40,32,32,38,38,38,38,50,44,38,19,19,19,19,27,8,6,0,-24,29,
31,26,36,59,51,213,203,203,203,203,203,221,195,234,144,309]} 1. c4 c5 2. Nf3 b6
3. e3 Nf6 4. d4 e6 5. d5 exd5 6. cxd5 d6 7. Nc3 g6 8. h3 {Believe it or not,
the position is already new in Megabase.} (8. Bb5+ $5) 8... Bg7 9. Bd3 O-O 10.
O-O {Now we have transposed into many games. Looks like Black most often plays
...g6, ...Bg7, and ...0-0 before ...e6.} Ba6 11. e4 {This position is far more
often seen with White to move, having played e2-e4 in one move.} c4 {A
double-edged decision, but my computer's first choice} 12. Bc2 b5 $6 {Probably
it is this one that is doubtful?} (12... Nbd7) 13. a3 Nbd7 14. Nd4 Qb6 15. Be3
(15. Nc6 $5 Nc5 (15... Bb7 16. Bf4) 16. Bf4 Rfe8 17. Re1 $5 {All this is
predicated on the B being better on f4, rather than e3}) 15... Nc5 16. Qd2 Rfe8
17. f3 Nfd7 18. Kh1 Qb7 (18... Rac8) 19. Nc6 Qb6 20. Rab1 Bb7 21. Nd4 (21. b4
$5 cxb3 22. Bxb3) 21... a6 {I have allowed him to normalize his arrangement on
the queenside, but the game continues with somewhere around even chances} 22.
Rfd1 Rac8 23. Bg1 Qd8 24. f4 Nf6 (24... Nb3 $5 {Slight edge for Black says the
computer.} {WG - my computer says the game is about equal after} 25. Qe1) 25.
Re1 Rc7 {This is where Black starts to lose the thread.} 26. Rbd1 Qa8 {Trying
to justify 25....Rc8, he misplaces his queen as well} ({Clearly he did not
anticipate} 26... Rce7 27. Nc6 $16 {so the plan of piling up on the e pawn
does not work, and the Rc7 is simply misplaced}) 27. Nf3 Ncd7 $2 {but this is
the big mistake} 28. e5 dxe5 29. fxe5 Nh5 30. Bh2 $1 {I did a decent job in
this tournament of being patient and careful} (30. g4 {is possible, but what I
played is better. No counterplay!}) 30... Nb6 31. Be4 Rce7 32. g4 $2 {but not
this move!} (32. d6 $18) (32. Qf2 $18) 32... f5 $2 {I figured this was his
idea, and he played it at once.} ({But he has a better try:} 32... Nf6 $1 33.
exf6 Bxf6 {One pawn for the piece so far, a second if d5 falls, and no
weaknesses. And the White king's pawn cover has been blown.} {The computer
manages to keep White's advantage, but would I have?} 34. Bg1 $1 Bxc3 35. bxc3
Na4 $1 36. Qd4 $1 Nb2 (36... Nxc3 37. Qxc3 Rxe4 38. Rxe4 Rxe4 39. Be3 $18) 37.
Rd2 $18 ({or} 37. Ng5 $18)) 33. gxf5 gxf5 34. Bxf5 {Now his tactics fall short.
} Rd8 35. Qg5 Nxd5 36. Nxd5 Rxd5 (36... Bxd5 37. Rxd5 Qxd5 38. Qxh5) 37. Rxd5
Bxd5 38. Qxe7 Bxf3+ 39. Kg1 {He resigned.} (39. Kg1 Bf8 {might introduce some
chaos, if not for} 40. Qxh7#) 1-0